เปลี่ยนเป็นภาษาไทย

Change to English
 แสดงรายละเอียดบรรณานุกรม
  กลับหน้าหลัก

Brief Record : Get Marc (ISO 2709) : E-mail record : QR code < ปิดหน้าต่าง
mysqli: Table './ulib62015/stat_globaluid' is marked as crashed and should be repaired
select id from stat_globaluid where statuid='20260518034852_98' 
mysqli: Table './ulib62015/stat_globaluid' is marked as crashed and should be repaired
DELETE FROM stat_globaluid
			WHERE id NOT IN (
			  SELECT id
			  FROM (
				SELECT id
				FROM stat_globaluid
				ORDER BY id DESC
				LIMIT 100
			  ) foo
			); 
mysqli: Table './ulib62015/stat_globaluid' is marked as crashed and should be repaired
insert into stat_globaluid set
		statuid='20260518034852_98',
		dt='1779050932',
		phpself='/ULIB62015/dublinfull.php',
		agent='Mozilla/5.0 AppleWebKit/537.36 (KHTML, like Gecko; compatible; ClaudeBot/1.0; +claudebot@anthropic.com)',
		yea='2026',
		mon='5',
		dat='18',
		ip='216.73.216.45'
		
		
mysqli: Table './ulib62015/stathist_viewbib_bib_type' is marked as crashed and should be repaired
insert into stathist_viewbib_bib_type set 
		dat='18' ,
		 mon='05' ,
		  yea='2026' ,
			 statuid='20260518034852_98' ,
			 head='13399108101' ,
			 foot='marc' ,
			 dt='1779050932' 
		
LEADER : 00000nam 2200000uu 4500
001    13399108101
003     ULIB
008    110713s||||||||th 000 0 tha d
020    ^a015552
050  0 TR 256 น171
100 0  ^a นพนันท์ เลิศวัฒนะไพศาล
245 00 ^a SHOOT at ME easy DSLR/ ^bนพนันท์ เลิศวัฒนะไพศาล
260    ^a กรุงเทพฯ:โปรวิชั่น ^b 2554
300    ^a 276 หน้า
650  0 ^a SHOOT at ME easy DSLR
945    ^p180^l0^i015552
945    ^p180^l0^i015553
945    ^p180^l0^i015554
945    ^p180^l0^i015555
999    ^aใช้งานได้ทุกระบบ
รายการนี้ยังไม่มีแท็ก
คุณยังไม่ได้ล็อกอิน คุณสามารถมีกิจกรรมร่วมกับเว็บไซต์ได้ แต่ต้องล็อกอินก่อน ::
  ล็อกอิน
  One Stop Service : ศูนย์ให้บริการแบบเบ็ดเสร็จ   จัดการหนังสือโปรด   แจ้งรายการบรรณานุกรมผิดพลาด
ลำดับที่ ประเภท เลขเรียก/บาร์โค้ด สถานที่ สถานะ
1. หนังสือ
หนังสือ
TR 256 น 171 ฉ.1 
  Barcode: 015555
หนังสือทั่วไป บนชั้น
  ขอยืม
2. หนังสือ
หนังสือ
TR 256 น 171 ฉ.2 
  Barcode: 015554
หนังสือทั่วไป บนชั้น
  ขอยืม
3. หนังสือ
หนังสือ
TR 256 น 171 ฉ.3 
  Barcode: 015553
หนังสือทั่วไป บนชั้น
  ขอยืม
4. หนังสือ
หนังสือ
TR 256 น 171 ฉ.4 
  Barcode: 015552
หนังสือทั่วไป บนชั้น
  ขอยืม

BibComment


ยังไม่เคยถูกคอมเมนท์

คอมเมนท์ทรัพยากรรายการนี้
  คอมเมนท์: SHOOT at ME eas..
Bib 13399108101

 
 
 

 Union Library Management : ULibM
Copyright 2026. All Rights Reserved.